000 00282nam a2200121 a 4500
008 101025s1985|||| d
245 1 0 _aMúzeum rodného kraja
100 1 _aLenz, Siegfried
044 _axo
_cSK
041 _aslo
260 _bTatran
_aBratislava
_c1985
020 _c38
999 _c12144
_d12144